| 000 | 00441cam a2200169ua 4500 | ||
|---|---|---|---|
| 020 | _c1.75 | ||
| 041 |
_amal _h |
||
| 082 |
_a894.8121 _bSAN/MA |
||
| 100 | _aSankaran Nair, Gowreesapattom . | ||
| 245 |
_aMahakavi chundeli pachumman / _cGowreesapattom Sankaran Nair. _hTextual Documents |
||
| 260 |
_aThrissur : _bCurrent Books , _c1966. |
||
| 300 | _a94 ; . | ||
| 365 | _a1.75 | ||
| 504 | _a | ||
| 942 | _cBK | ||
| 999 |
_c5163 _d5163 |
||